| 000 | 00425nam a2200109Ia 4500 | ||
|---|---|---|---|
| 008 | 160712s9999 xx 000 0 und d | ||
| 245 | _aMonico Atienza, Dakilang Pantas ng Kilusang Pambansa-Demokratiko | ||
| 260 |
_c2015 _bLagda: Journal ng U.P. Departamento ng Filipino at Panitikan ng Pilipinas |
||
| 300 | _avol. 10 no. 1 | ||
| 650 | _xPANITIKAN | ||
| 856 | _uhttp://journals.upd.edu.ph/index.php/lagda/issue/view/545/showToc | ||
| 999 |
_c297095 _d297095 |
||